Reports of international arbitral awards = (Record no. 3090)

MARC details
000 -LEADER
fixed length control field 03046cas a2200661 a 4500
001 - CONTROL NUMBER
control field 11144097
003 - CONTROL NUMBER IDENTIFIER
control field OSt
005 - DATE AND TIME OF LATEST TRANSACTION
control field 20230629135732.0
008 - FIXED-LENGTH DATA ELEMENTS--GENERAL INFORMATION
fixed length control field 751101c19489999nyu x w i0 0eng c
010 ## - LIBRARY OF CONGRESS CONTROL NUMBER
LC control number 49026849
Canceled/invalid LC control number sn 87044176
016 ## - NATIONAL BIBLIOGRAPHIC AGENCY CONTROL NUMBER
Record control number (AMICUS)000007627771
016 7# - NATIONAL BIBLIOGRAPHIC AGENCY CONTROL NUMBER
Record control number 002359061
Source IsJJNL
016 7# - NATIONAL BIBLIOGRAPHIC AGENCY CONTROL NUMBER
Record control number 009214977
Source Uk
022 ## - INTERNATIONAL STANDARD SERIAL NUMBER
International Standard Serial Number 0251-7833
ISSN-L 0251-7833
035 ## - SYSTEM CONTROL NUMBER
System control number (OCoLC)ocm01751691
040 ## - CATALOGING SOURCE
Original cataloging agency MUL
Language of cataloging eng
Transcribing agency MUL
Modifying agency COO
-- HUL
-- NST
-- DLC
-- EYM
-- DLC
-- OCL
-- IUL
-- SYS
-- ZBL
-- OCLCQ
-- NLGGC
-- DLC
-- CLU
-- CUV
-- BUF
-- OCLCQ
-- NYDRD
-- IUL
-- DLC
-- OCLCA
-- UKMGB
-- EMI
-- INU
-- OCLCQ
-- J9U
-- OCLCA
-- OCLCQ
-- OCLCA
-- OCLCF
-- OCLCO
-- OCLCQ
-- CSJ
-- NLC
-- OCLCQ
-- OCLCA
-- AU@
-- OCLCQ
-- IL4J6
-- OCLCO
-- OCLCQ
041 0# - LANGUAGE CODE
Language code of text/sound track or separate title eng
-- fre
042 ## - AUTHENTICATION CODE
Authentication code pcc
050 00 - LIBRARY OF CONGRESS CALL NUMBER
Classification number KZ200
Item number .R47
082 04 - DEWEY DECIMAL CLASSIFICATION NUMBER
Classification number 341.63
Item number H1471r
Edition number REP
210 0# - ABBREVIATED TITLE
Abbreviated title Rep. int. arbitral awards - U.N.
222 #0 - KEY TITLE
Key title Reports of international arbitral awards - United Nations
245 00 - TITLE STATEMENT
Title Reports of international arbitral awards =
Remainder of title Recueil des sentences arbitrales.
246 31 - VARYING FORM OF TITLE
Title proper/short title Recueil des sentences arbitrales
260 ## - PUBLICATION, DISTRIBUTION, ETC. (IMPRINT)
Place of publication, distribution, etc. [Lake Success?, N.Y.] :
Name of publisher, distributor, etc. United Nations,
Date of publication, distribution, etc. [1948?]-
300 ## - PHYSICAL DESCRIPTION
Extent volumes ;
Dimensions 24 cm +
Accompanying material CD-ROMs
310 ## - CURRENT PUBLICATION FREQUENCY
Current publication frequency Irregular
336 ## - CONTENT TYPE
Content type term text
Content type code txt
Source rdacontent
337 ## - MEDIA TYPE
Media type term unmediated
Media type code n
Source rdamedia
338 ## - CARRIER TYPE
Carrier type term volume
Carrier type code nc
Source rdacarrier
362 1# - DATES OF PUBLICATION AND/OR SEQUENTIAL DESIGNATION
Dates of publication and/or sequential designation Began with vol. 1.
500 ## - GENERAL NOTE
General note Vol. 25 (2005)--accompanied by 12 maps in pockets. Vol. 26 (published 2009) has maps also on CD-ROM.
520 ## - SUMMARY, ETC.
Summary, etc. Includes the decisions of the Permanent Court of Arbitration.
530 ## - ADDITIONAL PHYSICAL FORM AVAILABLE NOTE
Additional physical form available note Also issued online.
546 ## - LANGUAGE NOTE
Language note English and French.
550 ## - ISSUING BODY NOTE
Issuing body note Vols. 1-3 prepared by the International Court of Justice Registry; v. 4-5 by the Legal Dept., United Nations Secretariat; v. 6-7 by the Office of Legal Affairs of the Secretariat of the U.N.; v. 8-20 by the Codification Division, Office of Legal Affairs of the Secretariat of the U.N.
588 ## - SOURCE OF DESCRIPTION NOTE
Source of description note Latest issue consulted: Vol. 26, published in 2009.
590 ## - LOCAL NOTE (RLIN)
Local note SERBIB/SERLOC merged record
650 #0 - SUBJECT ADDED ENTRY--TOPICAL TERM
Topical term or geographic name as entry element Arbitration (International law)
Form subdivision Cases.
650 #0 - SUBJECT ADDED ENTRY--TOPICAL TERM
Topical term or geographic name as entry element International law
Form subdivision Sources.
650 #7 - SUBJECT ADDED ENTRY--TOPICAL TERM
Topical term or geographic name as entry element Arbitration (International law)
Source of heading or term fast
Authority record control number (OCoLC)fst01761738
650 #7 - SUBJECT ADDED ENTRY--TOPICAL TERM
Topical term or geographic name as entry element International law.
Source of heading or term fast
Authority record control number (OCoLC)fst00976984
650 17 - SUBJECT ADDED ENTRY--TOPICAL TERM
Topical term or geographic name as entry element Internationale arbitrage.
Source of heading or term gtt
650 #7 - SUBJECT ADDED ENTRY--TOPICAL TERM
Topical term or geographic name as entry element Arbitration (International law)
Form subdivision Cases.
Source of heading or term nli
650 17 - SUBJECT ADDED ENTRY--TOPICAL TERM
Topical term or geographic name as entry element ARBITRAL AWARDS.
Source of heading or term unbist
655 #7 - INDEX TERM--GENRE/FORM
Genre/form data or focus term Sources.
Source of term fast
Authority record control number (OCoLC)fst01423900
655 #7 - INDEX TERM--GENRE/FORM
Genre/form data or focus term Trials, litigation, etc.
Source of term fast
Authority record control number (OCoLC)fst01423712
710 2# - ADDED ENTRY--CORPORATE NAME
Corporate name or jurisdiction name as entry element International Court of Justice.
Subordinate unit Registry.
710 2# - ADDED ENTRY--CORPORATE NAME
Corporate name or jurisdiction name as entry element United Nations.
Subordinate unit Legal Department.
710 2# - ADDED ENTRY--CORPORATE NAME
Corporate name or jurisdiction name as entry element United Nations.
Subordinate unit Office of Legal Affairs.
710 2# - ADDED ENTRY--CORPORATE NAME
Corporate name or jurisdiction name as entry element United Nations.
Subordinate unit Codification Division.
776 08 - ADDITIONAL PHYSICAL FORM ENTRY
Relationship information Online version:
Title Reports of international arbitral awards
Record control number (DLC) 2009250724
-- (OCoLC)61160895
906 ## - LOCAL DATA ELEMENT F, LDF (RLIN)
a 7
b cbc
c serials
d u
e ncip
f 19
g n-oclcserc
942 ## - ADDED ENTRY ELEMENTS (KOHA)
Source of classification or shelving scheme Dewey Decimal Classification
Koha item type Books
Holdings
Withdrawn status Lost status Source of classification or shelving scheme Damaged status Not for loan Home library Current library Date acquired Total Checkouts Full call number Barcode Date last seen Price effective from Koha item type
    Dewey Decimal Classification     County Hall Archives County Hall Archives 06/29/2023   341.63 H1471r 10014043 06/29/2023 06/29/2023 Books
LIBRARY OPENING HOURS

When the Parliament is sitting: 8.00a.m - 7.00p.m or until the house adjourns
Mondays and Fridays and when the House is on Recess:  8.00a.m - 5.00p.m
Closed on Weekends and Public Holidays

Online Public Access Catalog (OPAC)
Website: http://www.parliament.go.ke
Bunge Library: https://libraryir.parliament.go.ke
Contact: library@parliament.go.ke | Tel no: (254-2)2221291 or 2848000 Ext 5043